000 00461nam a22001817a 4500
005 20260514121220.0
008 260514b |||||||| |||| 00| 0 eng d
020 _a9788177540581
_c1895.00
040 _aMAIN
041 _aEnglish
082 _a631.584
_bDHA
100 _aDhama, A.K.
_926820
245 _aOrganic Farming
_b: For Sustainable Agriculture
260 _aJodhpur
_bAgrobios
_c1997
300 _a308
650 _aCommunication
942 _cBK
999 _c60790
_d60790